[Event "RUS-Cup01 Chigorin Memorial"]
[Site "St Petersburg"]
[Date "1997.11.03"]
[Round "3"]
[White "Sveshnikov, Evgeny"]
[Black "Iskusnyh, Sergei"]
[Result "1-0"]
[WhiteElo "2570"]
[BlackElo "2455"]
[Annotator "Psakhis,L"]
[PlyCount "67"]
[EventDate "1997.11.01"]
[EventType "swiss"]
[EventRounds "9"]
[EventCountry "RUS"]
[SourceTitle "CBM 062"]
[Source "ChessBase"]
[SourceDate "1998.01.31"]
[SourceVersion "1"]
[SourceVersionDate "1998.01.31"]
[SourceQuality "1"]

1. e4 c5 2. c3 e6 3. d4 d5 4. e5 Nc6 5. Nf3 Bd7 6. Be2 Nh6 7. O-O Nf5 8. Na3
cxd4 9. cxd4 Bxa3 10. bxa3 Qb6 11. Be3 Nxe3 (11... O-O 12. Bd3 Rac8 13. g4 Nxe3
14. fxe3 Qd8 15. Qe1 f5 16. gxf5 exf5 17. Rb1 b6 18. Qg3 $14 {1-0 Rosentalis,
E-Zueger,B/Chiasso 1991 (33)}) 12. fxe3 Qd8 13. Qb1 (13. Bd3 Rc8 14. Rc1 Qe7
15. Rc5 O-O 16. Qb1 b6 17. Rc2 h6 18. Ba6 Rcd8 19. Bb5 Na5 $11 {1/2-1/2 Shirov,
A-Topalov,V/Dos Hermanas 1997/CBM 59/ (41)}) 13... b6 14. e4 O-O 15. Bd3 h6 (
15... dxe4 16. Bxe4 h6 $11) 16. exd5 exd5 17. h3 Qe7 18. Qb3 Na5 19. Qb4 $1 (
19. Qxd5 $2 Bc6 20. Qd6 Qxd6 21. exd6 Rad8 $15) 19... Qxb4 $2 (19... Nc6 $1 20.
Qxe7 $140 Nxe7 21. Rac1 Rac8 22. Ba6 Rxc1 23. Rxc1 Bc6 $11) 20. axb4 Nc4 21. a4
$14 Rfc8 22. Rf2 Rc7 23. g4 Rac8 24. Re2 Re8 25. Nh4 {[%cal Yh4f5]} h5 (25...
f6 $5) 26. gxh5 $5 Bxh3 27. Bf5 Bxf5 28. Nxf5 {[%csl Rg7][%cal Re2g2]} Kh7 29.
Rf1 Re6 30. Rg2 f6 $2 (30... g6 $1 31. hxg6+ (31. Nh4 Ne3 32. Rxf7+ Rxf7 33.
hxg6+ Kg7 34. gxf7+ Nxg2) 31... Rxg6 $14 (31... fxg6 32. Rh2+ (32. Rf3 $4 gxf5
$19) 32... Kg8 33. Nh6+ Kg7 34. Ng4 $16)) 31. Rg6 $1 {[%cal Rf1f2,Rf2g2]} Nd2
32. Rf2 Ne4 33. Rfg2 $18 Ng5 $2 34. R2xg5 1-0

[Event "RUS-ch 56th"]
[Site "Krasnoyarsk"]
[Date "2003.09.12"]
[Round "9"]
[White "Yemelin, Vasily"]
[Black "Dolmatov, Sergey"]
[Result "0-1"]
[WhiteElo "2550"]
[BlackElo "2605"]
[Annotator "Psakhis,L"]
[PlyCount "46"]
[EventDate "2003.09.03"]
[EventType "swiss"]
[EventRounds "9"]
[EventCountry "RUS"]
[SourceTitle "CBM 098"]
[Source "ChessBase"]
[SourceDate "2004.02.03"]
[SourceVersion "1"]
[SourceVersionDate "2004.02.03"]
[SourceQuality "1"]

1. e4 e6 2. d4 d5 3. e5 c5 4. c3 Nc6 5. Nf3 Qb6 6. a3 Nh6 7. b4 cxd4 8. cxd4
Nf5 9. Bb2 Be7 10. h4 a5 (10... h5 11. Bd3 g6 12. Bxf5 gxf5 13. Nc3 Rg8 14. g3
Bd7 15. Bc1 Rc8 16. Ne2 a5 17. b5 $5 Qxb5 18. Bg5 a4 $132 {1-0 Shabalov,
A-Akobian,V/USA-ch Seattle 2003/CBM 93 (61)}) 11. b5 a4 12. g4 Nh6 13. Rg1 (13.
Nc3 Nxg4 14. Nxa4 Qa5+ 15. Nd2 Qxa4 16. Qxg4 Nxe5 17. Qxg7 Ng6 18. h5 Bf8 19.
Qf6 Be7 20. Qg7 Bf8 21. Qf6 Be7 22. Qg7 {1/2-1/2 Sandipan,C-Dolmatov,S/Moscow
Aeroflot op 2002/CBM 88 (22)}) (13. Bc1 $5) 13... Na5 14. Nc3 $6 $146 {I dare
say that this unlucky novelty is the major cause of White's defeat.} (14. Qxa4
$142 Bd7 15. Nc3 O-O 16. Qd1 Rfc8 17. Na4 Qd8 18. Nc5 Nc4 $132 {Lavrov,
M-Sambuev,B/Russian Cup Tomsk op 2003/1/2-1/2 (49)}) 14... Nb3 {[%csl Gb3]} 15.
Ra2 (15. Rb1 Qa5 {[%cal Ge7a3]}) 15... Qa5 {[%cal Ga5e1]} 16. Bd3 (16. Bh3 Bd7
17. g5 Nf5) 16... Bd7 {[%cal Ga8c8]} 17. Nd2 $6 (17. g5 Nf5 18. Bxf5 exf5 19.
Qd3 Rc8 $36) (17. Qc2 Rc8 18. Kd1 Qa7 $5 {[%csl Rd4]}) 17... Nxd4 18. Nxd5 Bxb5
$5 ({Another promising possibility was} 18... exd5 19. Bxd4 Bxb5 $36) 19. Bc3 (
19. Nxe7 $142 Bxd3 20. Bxd4 Kxe7 21. Rb2 Qd5 $17 {[%csl Re1]}) 19... Qd8 20.
Nxe7 (20. Nb4 Bxd3 21. Nxd3 Nb5 $1) 20... Bxd3 21. Bb4 {This attempt meets the
tactical refutation.} ({The lesser evil for White was} 21. g5 $5 Nhf5 22. Nxf5
Nxf5 $19 {but any case black position is just winning.}) 21... Ng8 $1 22. Nxg8
Qd5 {[%cal Rd5e5,Rd5a2]} 23. Rg3 (23. Qa1 Qxe5+ 24. Kd1 Qe2+ 25. Kc1 Rc8+ 26.
Bc3 Qxf2 $19) 23... Qh1+ 0-1

[Event "RUS-Cup01 Chigorin Memorial"]
[Site "St Petersburg"]
[Date "1997.11.02"]
[Round "2"]
[White "Yagupov, Igor"]
[Black "Kruppa, Yuri"]
[Result "1/2-1/2"]
[WhiteElo "2415"]
[BlackElo "2535"]
[Annotator "Psakhis,L"]
[PlyCount "50"]
[EventDate "1997.11.01"]
[EventType "swiss"]
[EventRounds "9"]
[EventCountry "RUS"]
[SourceTitle "CBM 062"]
[Source "ChessBase"]
[SourceDate "1998.01.31"]
[SourceVersion "1"]
[SourceVersionDate "1998.01.31"]
[SourceQuality "1"]

1. e4 e6 2. d4 d5 3. e5 c5 4. c3 Nc6 5. Nf3 Bd7 6. Be2 Nh6 7. Bxh6 (7. O-O $5
cxd4 8. Bxh6 (8. cxd4 Nf5 9. Nc3 Be7 10. g4 $1 Nh4 11. Nxh4 Bxh4 12. Be3 O-O
13. f4 $14) 8... d3 (8... gxh6 9. cxd4 Bg7 10. Nc3 $14) 9. Bxd3 gxh6 10. c4 $1
Nb4 11. Nc3 Bc6 12. cxd5 Nxd5 13. Be4 $1 Nxc3 14. Bxc6+ bxc6 15. bxc3 Qxd1 16.
Rfxd1 $16 {1-0 Keitlinghaus,L-Videki,S/Budapest GM-4 1996 (40)}) 7... gxh6 8.
Qd2 (8. O-O cxd4 (8... Qb6 9. Qd2 Bg7 10. Na3 cxd4 11. cxd4 O-O 12. Nc2 f6 13.
exf6 Rxf6 14. b4 $1 Raf8 15. b5 Ne7 16. Ne5 Be8 17. g3 $14 {1-0 Topalov,
V-Bareev,E/Novgorod 1997/CBM 60 (36)}) (8... Bg7 $5) 9. cxd4 Bg7 10. Nc3 O-O
11. Bb5 Ne7 12. Bxd7 Qxd7 13. Ne2 $14 {Keitlinghaus,L-Breutigam,M/BL9293 1993/
BL 90/1-0 (34)}) 8... Bg7 9. Na3 (9. dxc5 $6 Qc7 $1 10. O-O (10. c4 Nxe5 (10...
dxc4 11. Na3) 11. cxd5 Nxf3+ 12. gxf3 (12. Bxf3 $2 Qe5+ {[%cal Re5b2]}) 12...
Qxc5 $17) 10... Nxe5 11. Nxe5 Qxe5 $15) (9. O-O O-O 10. Na3 cxd4 11. cxd4 f6)
9... cxd4 10. cxd4 f6 11. exf6 Qxf6 $11 12. Nc2 O-O {[%csl Rd4][%cal Yd7e8,
Ye8h5]} 13. O-O Be8 14. b4 $1 Bh5 15. Rae1 (15. Rad1 $5 {[%cal Yb4b5]}) 15...
Qf4 (15... Bxf3 $6 16. Bxf3 Nxd4 $2 17. Nxd4 Qxd4 18. Qxd4 Bxd4 19. Rxe6 $16)
16. Qxf4 Rxf4 17. b5 Nd8 (17... Bxf3 18. bxc6 (18. Bxf3 Nd8) 18... Be4 (18...
Bxe2 19. cxb7 Rb8 20. Rxe2 Rxb7 21. Rxe6 Rb2 22. Rc6 $1 Rxa2 23. Rb1 $14) 19.
Nb4 a5 20. cxb7 Rb8 21. Nc6 Rxb7 22. g3 Rf8 23. Bg4 $14) 18. Ne5 Rc8 $1 19. Nd3
(19. g3 $2 Rxc2 20. Bd3 Rc7 $3 21. gxf4 Bxe5 $19) (19. Bxh5 Rxc2) 19... Rf8 20.
Bxh5 (20. Ndb4 $6 Bg6) 20... Rxc2 21. Ne5 Rxa2 (21... Rf4 $5 $15) 22. Rc1 $5
Bxe5 (22... Rb2 23. Nd7 (23. Rc5 $5) 23... Bxd4 (23... Rfxf2 $5 24. Rxf2 Bxd4
25. Nf6+ Kf8 26. Ng4+ Ke7) 24. Nxf8 Kxf8 25. Rb1) 23. dxe5 Rb2 24. Rc5 Rb4 (
24... b6 25. Rc7 Rxb5 26. f4 $1 (26. Rxa7 Nc6) 26... a5 27. Rf3 {with more
then enough compensations for two pawns.}) 25. g3 Rf5 (25... b6 26. Rc7 Rxb5
27. Rxa7 Nc6 28. Rb7 Nxe5 29. Re1) (25... Rf5 26. Rc8 Rf8 (26... Rxh5 27. Rxd8+
Kf7 28. f4 $36 {[%csl Rh5][%cal Rf1c1,Rc1c7]}) 27. Rc5) 1/2-1/2

[Event "Koop Tjuchem"]
[Site "Groningen"]
[Date "1996.??.??"]
[Round "1"]
[White "Hodgson, Julian M"]
[Black "Short, Nigel D"]
[Result "0-1"]
[WhiteElo "2550"]
[BlackElo "2695"]
[Annotator "Psakhis,L"]
[PlyCount "96"]
[EventDate "1996.12.20"]
[EventType "tourn"]
[EventRounds "11"]
[EventCountry "NED"]
[EventCategory "16"]
[SourceTitle "CBM 057"]
[Source "ChessBase"]
[SourceDate "1997.04.01"]
[SourceVersion "1"]
[SourceVersionDate "1997.04.01"]
[SourceQuality "1"]

1. d4 e6 2. e4 d5 3. e5 c5 4. Nf3 cxd4 5. Bd3 Nc6 6. O-O Nge7 7. Bf4 Ng6 8. Bg3
Be7 9. a3 (9. Re1 Bd7 10. a3 (10. Nbd2 Rc8 11. a3 h5 12. h3 h4 13. Bh2 O-O 14.
b4 a6 15. Nb3 f5 {1/2-1/2 Kristiansen,E-Uhlmann,W/Polanica Zdroj 1975 (53)})
10... h5 11. h3 Nh4 12. Nbd2 Nf5 13. Bxf5 exf5 14. Nb3 h4 15. Bh2 Qb6 {1-0
Kogan,A-Hirsch,A/Wien op 1995 (41)}) (9. Nbd2 Bd7 10. Nb3 Rc8 (10... Qb6 $5)
11. a3 a6 12. Re1 O-O 13. h4 Re8 14. h5 $14 {1-0 Seul,G-Schaaf,R/Bad Swesten
op 1997 (29)}) 9... O-O 10. Re1 (10. Bxg6 $6 fxg6 11. Nxd4 Qb6 $15) 10... f5 $1
11. h3 (11. exf6 gxf6 (11... Bxf6 $5) 12. Bxg6 hxg6 13. Nxd4 e5) 11... Bd7 (
11... Qb6 12. b4) 12. b4 (12. Nbd2 Rc8 13. Nb3 Qb6 $15) 12... a5 13. b5 Na7 14.
a4 (14. c4 dxc3 15. Nxc3 Nc8 $17) 14... Bb4 15. Re2 (15. Nbd2 Nc8) 15... f4 16.
Bh2 Nh4 17. Nbd2 (17. Nxh4 Qxh4 18. Nd2 Bc3 19. Ra2 Be8 20. Nf3 Qh6 $19) 17...
Bc3 18. Ra2 (18. Rb1 Nxf3+ 19. Nxf3 Be8 20. Nd2 Bh5 21. f3 Nc8) 18... Nxf3+ 19.
Nxf3 Be8 (19... Nc8 20. Qc1) 20. Nd2 f3 $2 ({Stronger} 20... Bh5 $5 21. f3 Nc8
$17 {[%csl Ra4][%cal Rc8b6] with clear advandage in quite position.} (21... Qg5
22. Kh1)) 21. Nxf3 Bh5 22. Nd2 $1 {Of course! Julian uzes opportunitiy to
sacrifice exchange for  activization of all his pieces .} Bxe2 23. Qxe2 Qg5 24.
Nb3 (24. f4 $6 Rxf4 25. Bxf4 Qxf4 26. Qh5 g6 27. Bxg6 hxg6 28. Qxg6+ Kh8 29.
Nf3 Qf5 $19) 24... Rf7 25. g3 $5 $13 Nc8 26. h4 Qh6 27. f4 Ne7 {[%cal Ye7f5]}
28. Kg2 Nf5 29. Bxf5 Rxf5 30. Bg1 Qg6 31. Kh2 (31. Bxd4 $2 Bxd4 32. Nxd4 Rxf4)
31... Rf7 32. Nxd4 (32. Bxd4 Bxd4 33. Nxd4 Rc8 {[%csl Yc7][%cal Yf7c7,Yc7c3]})
32... Rc7 33. h5 Qf7 34. Qg4 (34. b6 Rc4 35. Nb5 Re4 36. Qd1 Re1 37. Qg4 Bxe5
$1 38. fxe5 $140 Qf1 39. Qxe6+ Kh8 $19) 34... Re8 35. Ne2 Rec8 36. Bd4 (36. Bb6
Rc4) 36... Bb4 (36... Bxd4 37. Nxd4 Re8 38. b6 Rc4 39. Nb5 Rec8 40. c3 $1 {
[%cal Rb5d6]}) 37. c3 Bc5 38. Bxc5 Rxc5 39. Nd4 Rxc3 $5 (39... Re8) 40. Nxe6 d4
$1 {[%cal Rf7a2]} 41. f5 d3 42. Kh3 R3c4 (42... Rc2 43. Ra1 (43. Ra3 Re8 44.
Ng5 Qd5 $19) 43... Re8 44. Rd1) 43. Qf3 (43. Nf4 Rxf4 (43... R8c5 44. Rd2 Rxe5
45. Rxd3 Qxf5 46. Rd8+ Kf7 47. Rd7+ Kf6 48. Qxf5+ Rxf5 49. Rxb7 Rxa4 $19) 44.
e6 Qxe6 45. fxe6 Rxg4 46. Kxg4 Kf8 47. Rd2 Rd8 48. Kf5 Ke7 $19) 43... g6 $5 (
43... Rc2 44. Ra1 Rf2 $1 45. Qxf2 Qxh5+ 46. Kg2 Rc2 47. Ra2 Rxf2+ 48. Rxf2 Qg4
$19) 44. g4 (44. Rd2 $5 Qxf5+ (44... gxf5 45. Ng5) 45. Qxf5 gxf5 46. Rxd3 Re8
47. Ng5 h6 48. Nf3 $17) 44... gxf5 45. gxf5 Kh8 46. Rg2 (46. Rd2 Rc1 47. Ng5 (
47. Rxd3 Rh1+ $1 48. Kg2 (48. Qxh1 Qxh5+ 49. Kg2 Rg8+) 48... Rxh5 49. Rd8+ Rxd8
50. Nxd8 Qa2+ 51. Kf1 Qb1+ 52. Kg2 Qh1+ 53. Kf2 Rh2+ 54. Ke3 Qe1+ 55. Kd4 Rd2+
$19) 47... Qg7 (47... Rh1+ 48. Kg2 Qxh5 49. Nf7+ $1 Kg8 50. Qxh5 Rxh5 51. Nd6
Rc2 $19) 48. Ne4 Rg8 $19) 46... d2 $1 47. Ng5 (47. Rxd2 Rc3 48. Rd3 Rxd3 49.
Qxd3 Qxh5+ 50. Kg2 Rg8+ $19) 47... Qe8 48. Qe2 Rd4 (48... Rd4 49. Rg1 Rc3+ 50.
Kh2 Rc1 51. Rd1 Rxd1 52. Qxd1 Qxe5+ $19) 0-1

[Event "RUS-Cup01 Chigorin Memorial"]
[Site "St Petersburg"]
[Date "1997.11.03"]
[Round "3"]
[White "Motylev, Alexander"]
[Black "Volkov, Sergey"]
[Result "0-1"]
[WhiteElo "2450"]
[BlackElo "2535"]
[Annotator "Psakhis,L"]
[PlyCount "74"]
[EventDate "1997.11.01"]
[EventType "swiss"]
[EventRounds "9"]
[EventCountry "RUS"]
[SourceTitle "CBM 062"]
[Source "ChessBase"]
[SourceDate "1998.01.31"]
[SourceVersion "1"]
[SourceVersionDate "1998.01.31"]
[SourceQuality "1"]

1. e4 e6 2. d4 d5 3. e5 c5 4. c3 Qb6 5. Nf3 Bd7 6. a3 Bb5 7. c4 dxc4 $5 {
This move start to get some popularity just in last few years.After "normal"} (
7... Bxc4 8. Bxc4 dxc4 9. Nbd2 Qa6 10. Qe2 cxd4 11. Nxd4 Bc5 12. N4f3 c3 13.
Ne4 Qxe2+ 14. Kxe2 cxb2 15. Bxb2 Na6 16. Rhd1 Ne7 17. Rac1 b6 18. Nd6+ $36 {
1-0 Sveshnikov,E-Ehlvest,J/Leningrad 1984 (41) White keeps  initiative.}) 8.
Nc3 Nc6 $5 (8... Ba6 9. d5 exd5 10. Qxd5 Ne7 11. Qe4 Qc6 12. Bxc4 Qxe4+ 13.
Nxe4 Ng6 14. Bxa6 Nxa6 15. h4 $36 {1-0 Voigt,U-Wenzel,J/BL2 1997 (28)}) 9. d5 (
9. b3 $5 cxd4 10. Nxb5 Qxb5 11. Bxc4 Qb6 12. O-O Nge7 13. Bb2 Rd8 14. b4 Ng6
15. Qe2 a5 16. b5 Nb8 17. Rad1 $44 {0-1 Prie,E-Psakhis,L/Metz 1994 (39)}) 9...
O-O-O 10. d6 f6 11. Nxb5 (11. b3 $5 Nxe5 12. Nxe5 fxe5 13. Nxb5 Qxb5 14. Bxc4
Qd7 15. O-O Nf6 16. b4 Bxd6 17. Be3 e4 $132 {0-1 Tseitlin,M-Zifroni,D/Tel-Aviv
1996 (48)}) 11... Qxb5 12. Qc2 Nxe5 13. Nxe5 fxe5 14. Bxc4 Qc6 15. Bxe6+ Kb8
16. O-O Nf6 17. Be3 Bxd6 {White,s preasure enough to compensate pawn, but not
for more.} 18. Rac1 {Or} (18. Rfc1 e4 19. h3 Rhe8 20. Bc4 Nd5 21. Bxd5 Qxd5 22.
Bxc5 Bxc5 23. Qxc5 Qxc5 24. Rxc5 e3 {1/2-1/2 Short,N-Bareev,E/Novgorod 1997/
CBM 60}) 18... e4 {[%cal Rd6h2]} 19. Bh3 {[%cal Yg2g3,Yh3g2]} (19. h3 $5 Rhe8 (
19... h5 20. b4) 20. Ba2) 19... Nd5 20. Qxe4 (20. Bxc5 Bf4 (20... Nf4 $5) 21.
Qxe4 (21. Bd4 Bxc1 22. Qxc6 bxc6 23. Rxc1 Nf6 $1) (21. Rcd1 e3 22. g3 $140 e2
$1) 21... Rhe8 22. Qb1 Bxc1 23. Rxc1 Qf6 {[%cal Rd5f4]}) 20... Rhe8 $1 21. Qf3
(21. Qxh7 Nxe3 22. fxe3 Qc7 $36) 21... Nxe3 22. Qxc6 $2 (22. fxe3 Qc7 23. g3
Qe7 24. Rce1 $11) 22... Bxh2+ $1 {Unpleasant blow!} 23. Kh1 (23. Kxh2 $2 Nxf1+
24. Rxf1 bxc6 $19) 23... bxc6 24. fxe3 Bd6 $17 {[%csl Re3,Rh3]} 25. Rc3 (25.
Rf7 Re7 26. Rcf1 Rxf7 27. Rxf7 Be5) 25... Rf8 26. g4 Kc7 27. Rfc1 {[%cal Rb2b4]
} (27. Kg2 Be5 28. Rc2 c4 $5) 27... Rf2 {[%cal Rf2h2]} 28. R1c2 Rf3 29. Bg2 (
29. e4 Rxc3 30. Rxc3 Be5 31. Rxc5 Bxb2 $19) 29... Rg3 {[%csl Rg4]} 30. Rc4 Rxe3
$19 31. Kg1 Rf8 32. Re4 Rd3 33. Bf1 Rd1 34. Rf2 Rxf2 35. Kxf2 Rb1 36. Re2 c4
37. a4 Bc5+ 0-1

[Event "Moscow Aeroflot op-A"]
[Site "Moscow"]
[Date "2004.02.23"]
[Round "7"]
[White "Meister, Jakob"]
[Black "Najer, Evgeniy"]
[Result "1/2-1/2"]
[WhiteElo "2488"]
[BlackElo "2602"]
[Annotator "Psakhis,L"]
[PlyCount "87"]
[EventDate "2004.02.17"]
[EventType "swiss"]
[EventRounds "9"]
[EventCountry "RUS"]
[SourceTitle "CBM 100"]
[Source "ChessBase"]
[SourceDate "2004.06.01"]
[SourceVersion "1"]
[SourceVersionDate "2004.06.01"]
[SourceQuality "1"]

1. e4 c5 2. Nf3 e6 3. c3 d5 4. e5 Nc6 5. d4 Bd7 6. Be2 Nh6 7. O-O Nf5 8. b3 (8.
Na3 cxd4 9. cxd4 Bxa3 10. bxa3 Qb6 11. Be3 Nxe3 12. fxe3 Qd8 13. Rb1 Rb8 14.
Bd3 Qe7 15. Qb3 O-O 16. Nd2 Rfc8 17. Qd1 Be8 $11 {0-1 Kovarcik,T-Campos Moreno,
J/Banyoles op-A 2002/ (27)}) (8. dxc5 Bxc5 9. b4 Bb6 10. Bd3 Nh4 11. Bf4 Ng6
12. Bg3 O-O 13. Qe2 a6 14. Nbd2 f5 15. exf6 Qxf6 16. Bxg6 Qxg6 17. a4 Qh5 $36 {
0-1 Gardner,R-Maduekwe,C/London Banwell Masters 2001/ (64)}) (8. Bd3 cxd4 9.
Bxf5 exf5 10. Nxd4 Be7 11. Re1 O-O 12. Qd3 Nxd4 13. Qxd4 Rc8 14. Qxa7 Bc5 15.
Qxb7 Qh4 16. Be3 Bc6 17. Qa6 Bxe3 18. Rxe3 d4 19. Re1 Bxg2 {1/2-1/2 Milman,
L-Becerra,J/Connecticut Foxwoods op 2004 (19)}) 8... Be7 (8... cxd4 9. Nxd4
Ncxd4 10. cxd4 Qb6 11. Bb2 Rc8 12. g4 Nh4 13. Na3 h5 14. gxh5 Nf5 15. Nc2 Bb5
16. Rc1 Kd7 $13 {1/2-1/2 Sarwat,W-Barsov,A/Cairo Golden Cleopatra op 2001/ (41)
}) 9. Na3 $146 (9. g4 Nh4 10. Nxh4 Bxh4 11. f4 cxd4 12. cxd4 Qb6 13. Be3 f5 14.
gxf5 exf5 15. Bf3 Ne7 16. Qd2 O-O-O 17. Nc3 Qe6 18. Qg2 Bc6 $14 {1-0 Bissieres,
M-Sime,D/Hyerois Glorney Cup 2001/ (44)}) (9. dxc5 $5 Bxc5 10. Ba3 Bxa3 11.
Nxa3 O-O 12. Bd3 Nh4 13. Nxh4 Qxh4 14. f4 a6 15. Nc2 f5 16. Qd2 $14 {Gouret,
T-Cooke,E/Budapest-9 IM-B 2001/1-0 (43)}) 9... cxd4 10. cxd4 h5 $5 11. Nc2 g5
$5 {[%csl Rd4][%cal Gg5g4] Typial for this variation idea:Black preparing
g5-g4 and white after this must very carefully protect pawn d4.} 12. Bb2 g4 13.
Nfe1 Qb6 14. Qd3 {[%cal Ga1d1]} O-O-O (14... f6 $5) 15. Rd1 Rdg8 (15... f6 $5)
16. Ne3 $1 $14 {Good move, black has now not so easy choice: or black knight
takes on e3, opening important f5 line, or he must run away.} Nh4 (16... Nxe3
17. fxe3 {[%csl Rf7]}) 17. g3 (17. a3 $5 f5 18. exf6 Bxf6 19. b4 Ng6 $13) 17...
Ng6 18. N1g2 Kb8 ({Possibly Black should have preferred} 18... Nb4 19. Qb1 Bb5
20. Bxb5 Qxb5 21. f4 $5 gxf3 22. Rxf3 h4 $132) 19. a3 a5 ({It is not easy to
assess positions arising after} 19... f6 $5 20. exf6 Bxf6 21. b4 Nce7 $13) 20.
Rb1 $5 {[%cal Gb3b4]} Na7 {[%cal Gd7b5]} (20... f6 21. exf6 Bxf6 22. Rfd1) 21.
a4 {[%csl Rb4]} Nc6 22. Bc3 {[%cal Ge3c2,Gb3b4]} f6 (22... Rc8 $5) 23. exf6
Bxf6 24. Rfd1 (24. Nc2 e5 $140 25. Nge3 Be6 26. b4 $5 $36) 24... Nb4 $5 25.
Bxb4 (25. Qd2 Rc8) 25... axb4 (25... Qxb4 26. Nc2 Qb6 27. Nge3 {[%cal Gb3b4]})
26. Ra1 {[%cal Ga4a6] Although the position is more or less balanced, White
seems to have the easier play.} (26. Rbc1 $5) 26... Ne7 27. a5 Qc7 28. a6 ({
Maybe Meister had to play} 28. Rdc1 $142 Nc6 29. Nc2 {[%cal Ga5a6] trying to
keep queens on the board.}) 28... Qc3 $1 29. Nc2 ({I think that White rightly
avoided the line} 29. Qb1 Bxd4 30. Ra2 Qc5 $132) 29... b5 ({Worse considering} 
29... Qxd3 $5 30. a7+ Ka8 31. Bxd3 Rc8 $15 {withe very good game for Black.})
30. Ra5 Ka7 31. Qxc3 bxc3 32. Bxb5 Kb6 $1 33. Bxd7 Kxa5 34. Bxe6 (34. Nf4 $5)
34... Rd8 35. Ra1+ Kb6 36. a7 $11 {The easiest way to the draw.} (36. Nf4 Ra8)
36... Ra8 37. Nf4 Rxa7 38. Rxa7 Kxa7 39. Ne2 Rb8 40. Nxc3 Rxb3 41. Nxd5 Nxd5
42. Bxd5 Rd3 43. Kf1 Rd2 44. Be4 (44. Be4 Bxd4 45. Nxd4 Rxd4 46. Bg6 Rd5 47.
Kg2 $11 {[%cal Gh2h3]}) 1/2-1/2

[Event "EU-ch 4th"]
[Site "Istanbul"]
[Date "2003.06.02"]
[Round "4"]
[White "Dvoirys, Semen I"]
[Black "Lputian, Smbat G"]
[Result "0-1"]
[WhiteElo "2552"]
[BlackElo "2638"]
[Annotator "Psakhis,L"]
[PlyCount "60"]
[EventDate "2003.05.30"]
[EventType "swiss"]
[EventRounds "13"]
[EventCountry "TUR"]
[SourceTitle "CBM 096"]
[Source "ChessBase"]
[SourceDate "2003.09.25"]
[SourceVersion "1"]
[SourceVersionDate "2003.09.25"]
[SourceQuality "1"]

1. e4 e6 2. d4 d5 3. e5 c5 4. c3 Nc6 5. Nf3 Qb6 6. a3 Nh6 7. Bd3 cxd4 8. cxd4
Bd7 ({Another possible continuation could be} 8... Nf5 9. Bxf5 exf5 10. Nc3 Be6
$13) 9. O-O {Dvoirys has chosen the course of principle and decided to
sacrifice pawn.} (9. Bc2 Nf5 10. Bxf5 exf5 11. Nc3 Be6 12. O-O (12. h4 h6 13.
h5 Be7 14. Ne2 Rc8 15. b3 O-O 16. Nf4 Na5 17. Rb1 Rc3 $36 {0-1 Masserey,
Y-Ekstroem,R/Zuerich Christmas op 2001/}) 12... h6 13. h4 Be7 14. Ne2 Kd7 $13 {
1-0 Anderson,R-Strugatsky,V/Chicago op 2003}) 9... Nxd4 10. Nxd4 Qxd4 11. Nc3
a6 12. Qe2 {This is a new try, but as this game shows, Black has nothing to
fear here} (12. Bxh6 $6 gxh6 13. Kh1 Qxe5 $17) 12... Qg4 $146 (12... Ng4 13.
Bc2 h5 (13... Bc5 14. h3 Nxf2 15. Rxf2 f6 16. exf6 Qxf2+ 17. Qxf2 Bxf2+ 18.
Kxf2 gxf6 $132) 14. h3 Nh6 (14... Qxe5 15. hxg4 Qxe2 16. Nxe2 hxg4 $13) 15.
Qxh5 Rc8 16. Be3 Qc4 17. Rfd1 $36 {0-1 Schuchardt,G-Weise,M/Kassel op 1996 (27)
}) ({Worth consideration and} 12... Qh4 $5) 13. f3 (13. Bxh6 Qxe2 14. Nxe2 gxh6
15. Rac1 f6 $5 16. exf6 Bd6 $15) 13... Bc5+ 14. Kh1 (14. Be3 $142 $5 Bxe3+ 15.
Qxe3 Nf5 16. Qf2 $5 (16. Bxf5 Qxf5 17. Ne2 f6 $5 18. exf6 Qxf6 19. Nd4 O-O 20.
f4 $15) 16... Qg5 17. f4 $44 {[%csl Gd4][%cal Gc3e2]}) 14... Qh4 15. g3 Qh3 (
15... Qh5 $5) 16. Qe1 $6 {A mistake after which Dvoirys will find himself in
trouble} ({The lesser evil for White was} 16. Be3 Bxe3 17. Qxe3 {with some
compensation for the pawn.}) 16... Bc6 17. Bf4 O-O 18. Rc1 f5 $5 {[%cal Gc3a2,
Ga2b4,Gh6f7]} 19. Bxh6 ({White meets troubles and after} 19. Nxd5 Ng4 $1 {
[%csl Gc6]} 20. Qe2 Bf2 $1 21. Ne7+ Kf7 22. Rxf2 Nxf2+ 23. Qxf2 Kxe7 $17) 19...
Qxh6 20. Nxd5 Bxa3 $1 {Maybe this strong move Dvoirys missed in calculations!?}
21. Nf6+ (21. bxa3 Bxd5 22. Bc4 Rfd8) 21... gxf6 22. bxa3 fxe5 23. Qxe5 ({
There wasn't a rescue in} 23. Rc5 e4 $1 24. fxe4 Rad8 {with material and
positional advantage}) 23... Bxf3+ $1 {[%cal Gh6c1] Fnal blow!} 24. Kg1 Bd5 $19
(24... Rad8 $5) 25. Rcd1 (25. Rc7 $5 Rad8 $19 (25... Qf6 $143 $2 26. Rxf5 $1))
25... Rad8 26. Rf4 Be4 27. Be2 Rxd1+ (27... Qf6 $5) 28. Bxd1 Qf6 29. Qc5 Rd8
30. Bb3 Qb2 (30... Rd2 $5 $19) 0-1